000 00937cam a22001934a 4500
005 20250605164134.0
008 250528s ||||||||||||||||||||||||d
035 _a18670
020 _a6625632
040 _aGR-AtMCL
_bgre
_dGR-AtMCL
_eAACR2
245 1 _aCommunicating Technical Information / A Guide to Current Uses and Abuses in Scientific and Engineering Writing
260 _bAcademic Press,
_c1972
300 _a104
520 _aThis book is intended as a primary text for short in-plant writing courses for engineers and scientists, and as a secondary text for college courses in engineering, science, and technical writing. The Peaceful Coexistence, The Tenuous Title, The Inadequate Abstract, The Wayward Thesis, The Improper Introduction, The Artful Dodge, The Neglected Pace, The Random Order, The Arbitrary Editor, Index.
700 1 _aRathbone Robert R
_94939
942 _cBK
999 _c4015
_d4015